Players of National Teams - Morocco - Statistics

General Stats
  • This quiz has been taken 20 times
  • The average score is 17 of 28
Answer Stats
Pos. Team Player % Correct
RB Paris Saint-Germain Achraf Hakimi
100%
GK Al-Hilal Yassine Bounou
94%
RW Real Madrid Brahim Díaz
88%
CB Olympique Marseille Nayef Aguerd
82%
RB Manchester United Noussair Mazraoui
82%
FW Fenerbahçe Youssef En-Nesyri
82%
DM Real Betis Sofyan Amrabat
76%
CM AS Roma Neil El Aynaoui
71%
LW Real Betis Abde Ezzalzouli
65%
FW Olympiacos Ayoub El Kaabi
65%
AM VfB Stuttgart Bilal El Khannouss
65%
LW Bayer 04 Leverkusen Eliesse Ben Seghir
65%
CB Al-Najma Jawad El Yamiq
65%
LB PSV Eindhoven Anass Salah-Eddine
59%
CM Girona FC Azzedine Ounahi
59%
CM PSV Eindhoven Ismael Saibari
59%
DM Feyenoord Oussama Targhalline
59%
CB Al-Sadd Romain Saïss
59%
CB Torino FC Adam Masina
53%
LW Al-Ain Soufiane Rahimi
53%
RW Sunderland AFC Chemsdine Talbi
47%
FW LOSC Lille Hamza Igamane
47%
RW Villarreal FC Ilias Akhomach
47%
GK Raja CA El Mehdi Al Harrar
41%
RB Pyramids FC Mohamed Chibi
41%
CB Stade Rennais FC Abdelhamid Ait Boudlal
35%
GK Renaissance de Berkane Munir El Kajoui
29%
LB Raja CA Youssef Belammari
24%
No matching quizzes found
Score Distribution
Percent of People with Each Score
Percentile by Number Answered
Your Score History
You have not taken this quiz